Robust control theory in Hilbert space /

Guardado en:
Autor Principal: Feintuch, Avraham.
Formato: Libro
Idioma:English
Publicado: New York : Springer, c1998.
Series:Applied mathematical sciences (Springer-Verlag New York Inc.) ; v. 130.
Etiquetas: Agregar Etiqueta
Sin Etiquetas, Sea el primero en etiquetar este registro!
LEADER 00695nam a22001935a 4500
001 MAT.inmabb000093
008 970522s1998####nyu######b####001#0#eng##
005 20130313155135.0
245 1 0 |a Robust control theory in Hilbert space /  |c Avraham Feintuch. 
260 |a New York :  |b Springer,  |c c1998. 
300 |a xv, 225 p. ;  |c 25 cm. 
490 1 |a Applied mathematical sciences ;  |v 130 
504 |a Includes bibliographical references and index. 
510 4 |a MR,  |c 98j:93001 
020 |a 0387982914 
100 1 |a Feintuch, Avraham. 
830 0 |a Applied mathematical sciences (Springer-Verlag New York Inc.) ;  |v v. 130. 
084 |a 93-02 (47N70 93B36 93C25)  |2 msc2000 
859 |h 93  |i F299  |p A-7794  |b BIB. MATEMATICA